000 00522nam a2200193Ia 4500
003 GCL
008 140319s9999 xx 000 0 eng d
040 _aGCL /
_cGCL
082 0 4 _a621.381
_bH A
100 1 _aHOROWITZ, PAUL
245 1 0 _aTHE ART OF ELECTRONICS /
_cHOROWITZ, PAUL
700 1 _aHILL, WINFIELD
260 _a[S.N] :
_bCAMBRIBGE UNIVERSITY PRESS ،
_c1995
300 _a1125 P
650 0 4 _aالتحليل الرياضى
650 0 4 _aELECTRONICS
650 0 4 _aELECTRIC ENGINEERING
942 _2ddc
_cBK
999 _c19810
_d19810